| 000 | 00496nam a22001817a 4500 | ||
|---|---|---|---|
| 003 | OSt | ||
| 005 | 20230313152524.0 | ||
| 008 | 160506b xxu||||| |||| 00| 0 eng d | ||
| 020 | _a9789695623497 | ||
| 040 | _c0 | ||
| 082 | _a928.914391 MAL 2015 | ||
| 100 |
_aDr.Nadeem Shafiq Malik _91666 |
||
| 245 |
_aNawadarat-e- Allama Iqbal _cDr.Nadeem Shafiq Malik |
||
| 260 |
_aLahore _bFiction house _c2015 |
||
| 300 |
_a336 p. _bHB |
||
| 440 |
_aNawadarat-e- Allama Iqbal _9110189 |
||
| 942 |
_2ddc _cBK |
||
| 999 |
_c351390 _d351390 |
||